=LDR 00000nam 2200000 4500 =001 INLIS000000000039450 =005 20130612145058 =008 ***********************************ind** =035 ##$$0010-061300000039450 =041 ##$$a ind =082 ##$$a 813 =090 ##$$a 813 , Aks, b =100 ##$$a AKSANA, Andrei =245 ##$$a Be a Writer Be a Celebrity , Andrei Aksana =260 ##$$a 2006 $b Jakarta =300 ##$$a 92 hlm., 22cm =650 ##$$a FIKSI INDONESIA =850 ##$$a NBPNMAT =990 ##$$a 92554/BPAP-NTB/2014 =990 ##$$a 0001/BPAP-NTB/20142015